THE OPTIMIST : (Record no. 688)

MARC details
000 -LEADER
fixed length control field 01597nam a2200373 a 4500
001 - CONTROL NUMBER
control field 688
003 - CONTROL NUMBER IDENTIFIER
control field MYCC
005 - DATE AND TIME OF LATEST TRANSACTION
control field 20260205125637.0
008 - FIXED-LENGTH DATA ELEMENTS--GENERAL INFORMATION
fixed length control field 260205t20252025nyu b 001 0beng d
020 ## - INTERNATIONAL STANDARD BOOK NUMBER
International Standard Book Number 9781324075967
Qualifying information hardback
020 ## - INTERNATIONAL STANDARD BOOK NUMBER
International Standard Book Number 1324075961
Qualifying information hardback
040 ## - CATALOGING SOURCE
Original cataloging agency MYCC
Language of cataloging eng
Transcribing agency MYCC
Description conventions rda
082 04 - DEWEY DECIMAL CLASSIFICATION NUMBER
Edition number 23
Classification number 006.3
090 00 - LOCALLY ASSIGNED LC-TYPE CALL NUMBER (OCLC); LOCAL CALL NUMBER (RLIN)
Classification number (OCLC) (R) ; Classification number, CALL (RLIN) (NR) 006.3
Location of book HAG
100 1# - MAIN ENTRY--PERSONAL NAME
Personal name Hagey, Keach,
Relator term author.
245 14 - TITLE STATEMENT
Title THE OPTIMIST :
Remainder of title Sam Altman, Open AI and the Race to Invent the Future /
Statement of responsibility, etc. Keach Hagey
250 ## - EDITION STATEMENT
Edition statement First edition.
264 #1 - PRODUCTION, PUBLICATION, DISTRIBUTION, MANUFACTURE, AND COPYRIGHT NOTICE
Place of production, publication, distribution, manufacture New York, NY :
Name of producer, publisher, distributor, manufacturer W.W. Norton & Company,
Date of production, publication, distribution, manufacture, or copyright notice 2025
264 #4 - PRODUCTION, PUBLICATION, DISTRIBUTION, MANUFACTURE, AND COPYRIGHT NOTICE
Date of production, publication, distribution, manufacture, or copyright notice ©2025
300 ## - PHYSICAL DESCRIPTION
Extent x, 367 pages ;
Dimensions 24 cm
336 ## - CONTENT TYPE
Source rdacontent
Content type term text
337 ## - MEDIA TYPE
Source rdamedia
Media type term unmediated
338 ## - CARRIER TYPE
Source rdacarrier
Carrier type term volume
504 ## - BIBLIOGRAPHY, ETC. NOTE
Bibliography, etc. note Includes bibliographical references and index.
520 ## - SUMMARY, ETC.
Summary, etc. The Optimist by Keach Hagey is a detailed biography of Sam Altman, tracing his rise from a precocious youth to a central figure in the race to build artificial general intelligence as CEO of OpenAI. Through over 250 interviews, Hagey paints a nuanced portrait of Altman as a visionary risk-taker with near-religious faith in technological progress, whose dramatic 2023 firing and swift reinstatement underscored his influence and the volatile pace of the AI industry.
600 10 - SUBJECT ADDED ENTRY--PERSONAL NAME
Personal name Altman, Sam,
Dates associated with a name 1985-
610 20 - SUBJECT ADDED ENTRY--CORPORATE NAME
Corporate name or jurisdiction name as entry element OpenAI (Firm)
650 #0 - SUBJECT ADDED ENTRY--TOPICAL TERM
Topical term or geographic name entry element Artificial intelligence.
650 #0 - SUBJECT ADDED ENTRY--TOPICAL TERM
Topical term or geographic name entry element Artificial intelligence.
General subdivision Social aspects.
650 #0 - SUBJECT ADDED ENTRY--TOPICAL TERM
Topical term or geographic name entry element Artificial intelligence.
General subdivision Economic aspects.
650 #0 - SUBJECT ADDED ENTRY--TOPICAL TERM
Topical term or geographic name entry element Business.
650 #0 - SUBJECT ADDED ENTRY--TOPICAL TERM
Topical term or geographic name entry element Entrepreneurship.
942 ## - ADDED ENTRY ELEMENTS (KOHA)
Source of classification or shelving scheme Dewey Decimal Classification
Koha item type Books
Holdings
Withdrawn status Lost status Source of classification or shelving scheme Damaged status Not for loan Permanent location Current location Shelving location Date acquired Total Checkouts Full call number Barcode Date last seen Price effective from Koha item type
    Dewey Decimal Classification     MYCC Library MYCC Library General stacks 05/02/2026   006.3 HAG 2025 11133 05/02/2026 05/02/2026 Books
    Dewey Decimal Classification     MYCC Library MYCC Library Reference 05/02/2026   006.3 HAG 2025 REF 11132 05/02/2026 05/02/2026 Reference

© 2024 Malaysia Competition Commission (MyCC) All Rights Reserved.

FOLLOW US ON